[Event "ICS Rated blitz match"]
[Site "207.99.83.227"]
[Date "1999.03.31"]
[Round "?"]
[White "nimraz"]
[Black "Hossa"]
[Result "1-0"]
[WhiteElo "2215"]
[BlackElo "2411"]
[Annotator "Crafty v16.6"]
[PlyCount "105"]

{annotating for player Hossa using a scoring margin of +0.10 pawns. search
time limit is 12.00} 1. e4 1... e5 2. Nf3 Nc6 3. c3 Nf6 4. d4 exd4 5. e5 Ng4 ({
8:-0.26} 5... Ng4 6. cxd4 Bb4+ 7. Nc3 Qe7 8. h3 Nf6 9. Bg5 Qe6 10. Bxf6 10...
gxf6 $10) ({8:+0.16} 5... Ne4 6. Qe2 Nc5 7. cxd4 Ne6 8. Qd2 Bb4 9. Nc3 $10) 6.
cxd4 d5 ({8:-0.59} 6... d5 7. h3 Nh6 8. Bxh6 gxh6 9. Nc3 Nb4 10. Bb5+ c6 11.
Bd3 $14) ({8:-0.27} 6... Bb4+ 7. Nc3 Qe7 8. Be2 O-O 9. h3 Ngxe5 10. dxe5 10...
Nxe5 $10) 7. Bd3 Bb4+ ({8:-0.82} 7... Bb4+ 8. Nc3 Be7 9. h3 Nh6 10. Bxh6 gxh6
11. Qb1 Rg8 12. O-O $16) ({8:-0.60} 7... Be7 8. Nc3 Nb4 9. h3 Nh6 10. Bxh6 gxh6
11. O-O 11... Bd7 $14) 8. Nc3 Bxc3+ ({7:-0.97} 8... Bxc3+ 9. bxc3 Ne7 10. Rb1
Ng6 11. h3 Nh6 12. Bxh6 gxh6 13. O-O $16) ({7:-0.76} 8... Be7 9. h3 Nh6 10.
Bxh6 gxh6 11. Qb1 Rg8 12. O-O $16) 9. bxc3 h5 10. O-O Ne7 11. Bg5 Bd7 ({8:-1.75
} 11... Bd7 12. Nh4 c5 13. Nf5 Bxf5 14. Bxf5 Qc7 15. Bxg4 hxg4 16. Qxg4 $18) ({
8:-1.40} 11... c6 12. Nh4 Nh6 13. h3 Nhg8 14. Be2 g6 15. Qd3 $16) 12. Rb1 Bc6
13. Re1 Qd7 ({8:-2.10} 13... Qd7 14. h3 Nh6 15. e6 fxe6 16. Ne5 Qd6 17. Qxh5+
Kd8 18. Nxc6+ Qxc6 19. Bxe7+ 19... Kxe7 $18) ({8:-1.78} 13... a6 14. h3 Nh6 15.
Nd2 Nhg8 16. e6 f6 17. Bf4 $18) 14. h3 Nh6 ({8:-3.29} 14... Nh6 15. e6 fxe6 16.
Ne5 Qc8 17. Qxh5+ Kd8 18. Bxe7+ Kxe7 19. Ng6+ Kd7 20. Nxh8 20... Qxh8 $18) ({
8:-2.84} 14... f6 15. exf6 gxf6 16. Bh4 Kf7 17. Qd2 Nh6 18. Qf4 18... Kg8 $18)
15. e6 fxe6 16. Ne5 Qd6 17. Qxh5+ Kd8 18. Bxh6 Be8 19. Qg5 gxh6 20. Qf6 Rg8 21.
Rxb7 Kc8 22. Reb1 Ba4 23. Ba6 Qxa6 24. Qxe7 Rxg2+ 25. Kxg2 Qd6 26. Qxd6 cxd6
27. Nf7 h5 28. Nxd6+ Kd8 29. Kf3 Bc6 30. Rg7 e5 31. Rh7 exd4 32. Rg1 Bd7 33.
Rgg7 Kc7 34. Rxd7+ Kc6 35. cxd4 Rf8+ 36. Ke3 Rh8 37. Nf5 Rxh7 38. Rxh7 Kb5 39.
f4 a5 40. Kd3 Kb4 41. Ne3 Kb5 42. Rb7+ Kc6 43. Rb1 a4 44. f5 Kd6 45. Rb6+ Kd7
46. Nxd5 Ke8 47. Ke4 Kf8 48. Ke5 Kg8 49. Rg6+ Kh8 50. Kf6 Kh7 51. Kf7 Kh8 52.
Nf6 a3 53. Rh6# 1-0

[Event "ICS Rated blitz match"]
[Site "207.99.83.227"]
[Date "1999.03.31"]
[Round "?"]
[White "Hossa"]
[Black "bergkamp"]
[Result "1-0"]
[WhiteElo "2387"]
[BlackElo "2109"]
[PlyCount "63"]

1. e4 c6 2. Nc3 d5 3. exd5 cxd5 4. Nf3 Bg4 5. Be2 Nc6 6. O-O e6 7. d3 Bd6 8. h3
Bh5 9. Bg5 Nge7 10. Bxe7 Qxe7 11. Nb5 Bb8 12. Nfd4 Bg6 13. Nxc6 bxc6 14. Nd4
Qc7 15. Nf3 Bh5 16. g4 Bg6 17. Qd2 h5 18. g5 h4 19. Qc3 e5 20. Rfe1 O-O 21.
Nxh4 e4 22. Bg4 Qh2+ 23. Kf1 f6 24. Nxg6 Be5 25. d4 fxg5 26. Ne7+ Kh8 27. Bf5
Rf7 28. Ng6+ Kg8 29. dxe5 Rxf5 30. Ne7+ Kh7 31. Nxf5 Rf8 32. Qg3 {
bergkamp resigns} 1-0

[Event "ICS Rated blitz match"]
[Site "207.99.83.227"]
[Date "1999.03.31"]
[Round "?"]
[White "Hossa"]
[Black "bergkamp"]
[Result "1-0"]
[WhiteElo "2392"]
[BlackElo "2080"]
[PlyCount "39"]

1. e4 c6 2. Nc3 d5 3. exd5 cxd5 4. Nf3 d4 5. Bb5+ Nc6 6. Ne2 d3 7. Bxd3 Bg4 8.
Be4 Nf6 9. Bxc6+ bxc6 10. Ne5 Qd5 11. Nxg4 Nxg4 12. O-O e6 13. d4 Bd6 14. h3 h5
15. Nc3 Qf5 16. hxg4 Bh2+ 17. Kxh2 hxg4+ 18. Kg3 Rh6 19. Bxh6 gxh6 20. Qxg4 {
bergkamp resigns} 1-0

[Event "ICS Rated blitz match"]
[Site "207.99.83.227"]
[Date "1999.03.31"]
[Round "?"]
[White "nimraz"]
[Black "Hossa"]
[Result "0-1"]
[WhiteElo "2218"]
[BlackElo "2397"]
[PlyCount "76"]

1. e4 d6 2. d4 Nf6 3. Nc3 Nbd7 4. f4 e6 5. e5 Nd5 6. Ne4 Be7 7. Qg4 O-O 8. Nf3
Nb4 9. Kd1 f5 10. exf6 Nxf6 11. Nxf6+ Rxf6 12. c3 e5 13. Qg3 exf4 14. Bxf4 Rg6
15. Qf2 Nd5 16. Bd2 Be6 17. Bd3 Rf6 18. Qg3 Qd7 19. Kc2 Re8 20. Rae1 Bf5 21.
Ng5 Rg6 22. Qf3 Bxd3+ 23. Kxd3 c6 24. Qf7+ Kh8 25. Rhf1 Rd8 26. c4 Qc8 27. cxd5
Bxg5 28. Bxg5 Rxg5 29. Re7 Rxg2 30. Rc7 Qa8 31. Re1 Rf8 32. Qh5 Rxb2 33. Ree7
Rg8 34. Qh6 Qf8 35. Rf7 Qxf7 36. Qxd6 Qf3+ 37. Kc4 Qe2+ 38. Kc5 38... Qc2# {
nimraz checkmated} 0-1

[Event "ICS rated blitz match"]
[Site "207.99.83.227"]
[Date "1999.03.31"]
[Round "?"]
[White "Hossa"]
[Black "nimraz"]
[Result "1-0"]
[WhiteElo "2405"]
[BlackElo "2210"]
[PlyCount "73"]

1. e4 c5 2. Bc4 Nc6 3. f4 Nf6 4. d3 d5 5. exd5 Nxd5 6. Nf3 Nb6 7. Bb5 Bd7 8.
O-O g6 9. Be3 Nd4 10. Nxd4 cxd4 11. Bxd4 Bxb5 12. Bxh8 f6 13. Nc3 Bc6 14. Qe2
Qd4+ 15. Kh1 O-O-O 16. Rae1 Bh6 17. Qg4+ Qd7 18. Qh4 Bf8 19. Qxh7 Qg4 20. Ne4
Nd5 21. h3 Qf5 22. g4 Qd7 23. Qxg6 e5 24. fxe5 Bb4 25. Bxf6 Nxf6 26. exf6 Bxe1
27. Rxe1 Rh8 28. Re3 Qd4 29. Qf5+ Kd8 30. Qf4 Qxb2 31. Qb8+ Kd7 32. Qxh8 Qc1+
33. Kh2 Qxe3 34. Qh7+ Kc8 35. Qf5+ Kd8 36. f7 Qe2+ 37. Nf2 {nimraz resigns} 1-0

[Event "ICS rated blitz match"]
[Site "207.99.83.227"]
[Date "1999.03.31"]
[Round "?"]
[White "Hossa"]
[Black "nimraz"]
[Result "1-0"]
[WhiteElo "2420"]
[BlackElo "2195"]
[PlyCount "71"]

1. e4 c5 2. Bc4 g6 3. Nf3 Bg7 4. O-O Nc6 5. d3 Nf6 6. e5 Ng4 7. Bxf7+ Kxf7 8.
Ng5+ Kg8 9. Qxg4 Nxe5 10. Qd1 d5 11. f4 Ng4 12. Nf3 h5 13. Re1 Bf6 14. h3 Nh6
15. Nbd2 Nf5 16. c3 Kg7 17. Qe2 Bd7 18. Qf2 Rc8 19. Nb3 b6 20. Bd2 Bc6 21. d4
Nd6 22. dxc5 Ne4 23. Qe3 bxc5 24. Nxc5 d4 25. Ne6+ Kh7 26. Nfxd4 Bxd4 27. Nxd4
Bb7 28. Rad1 Qd5 29. Nf3 Rc4 30. Bc1 Qf5 31. Qxa7 Rc7 32. Rxe4 Bxe4 33. Qxc7
Bxf3 34. Qxe7+ Kh6 35. Rd7 Qf8 36. Qg5# {nimraz checkmated} 1-0

[Event "ICS rated blitz match"]
[Site "207.99.83.227"]
[Date "1999.03.31"]
[Round "?"]
[White "nimraz"]
[Black "Hossa"]
[Result "0-1"]
[WhiteElo "2188"]
[BlackElo "2427"]
[PlyCount "52"]

1. d4 Nf6 2. Nc3 d5 3. Bg5 e6 4. e4 dxe4 5. Nxe4 Nbd7 6. c3 Be7 7. Bxf6 Nxf6 8.
Nxf6+ Bxf6 9. f4 O-O 10. Bd3 Qd6 11. Qh5 h6 12. Ne2 Qd5 13. Qxd5 exd5 14. Kd2
Bg4 15. Ng3 Rac8 16. h3 Bd7 17. Nh5 Bh4 18. g3 Bd8 19. b4 g6 20. g4 gxh5 21.
gxh5 Kh8 22. Rae1 Bh4 23. Re5 Rce8 24. f5 Rxe5 25. dxe5 Re8 26. e6 26... fxe6 {
nimraz resigns} 0-1

[Event "ICS rated blitz match"]
[Site "207.99.83.227"]
[Date "1999.03.31"]
[Round "?"]
[White "Hossa"]
[Black "nimraz"]
[Result "1-0"]
[WhiteElo "2433"]
[BlackElo "2209"]
[PlyCount "81"]

1. e4 g6 2. Be2 Bg7 3. Nc3 c5 4. Nf3 Nc6 5. O-O d6 6. Bb5 Bd7 7. d3 Nf6 8. Bxc6
Bxc6 9. e5 Ng4 10. e6 f5 11. Ng5 Ne5 12. Bf4 O-O 13. Qc1 Qc8 14. Bxe5 Bxe5 15.
Qe3 Bg7 16. Qh3 h6 17. Nf7 Rxf7 18. exf7+ Kxf7 19. Rae1 h5 20. Nd1 Bf6 21. f4
b5 22. Re2 Qb7 23. Rfe1 a5 24. a3 b4 25. axb4 axb4 26. Kh1 Ra2 27. b3 Bd5 28.
c4 bxc3 29. Rxa2 Qxb3 30. Ra7 c2 31. Nf2 Bc3 32. Raxe7+ Kg8 33. Re8+ Kh7 34.
Qg3 Bxe1 35. Re7+ Bf7 36. Rxe1 Qb1 37. Qe3 Bd5 38. Nh3 Kh6 39. Qe7 Be4 40. Qf8+
Kh7 41. Ng5# {nimraz checkmated} 1-0

[Event "ICS rated blitz match"]
[Site "207.99.83.227"]
[Date "1999.03.31"]
[Round "?"]
[White "nimraz"]
[Black "Hossa"]
[Result "1-0"]
[WhiteElo "2251"]
[BlackElo "2454"]
[Annotator "Crafty v16.6"]
[PlyCount "89"]

{annotating for player Hossa using a scoring margin of +0.10 pawns. search
time limit is 12.00} 1. e4 1... e5 2. Nf3 Nc6 3. c3 Nf6 4. d4 exd4 5. e5 Ng4 ({
8:-0.26} 5... Ng4 6. cxd4 Bb4+ 7. Nc3 Qe7 8. h3 Nf6 9. Bg5 Qe6 10. Bxf6 10...
gxf6 $10) ({8:+0.16} 5... Ne4 6. Qe2 Nc5 7. cxd4 Ne6 8. Qd2 Bb4 9. Nc3 $10) 6.
cxd4 Bb4+ 7. Nc3 Qe7 8. Be2 O-O ({7:-1.06} 8... O-O 9. h3 Nh6 10. Bxh6 gxh6 11.
O-O a5 12. Nd5 $16) ({7:-0.63} 8... d5 9. O-O Qd8 10. h3 Nh6 11. Bg5 11... Ne7
$14) 9. O-O Bxc3 10. bxc3 d6 11. h3 Ncxe5 ({9:-1.76} 11... Ncxe5 12. dxe5 Nxe5
13. Bf4 Ng6 14. Bg5 f6 15. Bc4+ Be6 16. Qe2 Bxc4 17. Qxc4+ $18) ({9:-0.93} 
11... Nh6 12. Bg5 Qd7 13. Bxh6 gxh6 14. Bb5 a6 15. Bxc6 Qxc6 16. exd6 Qxd6 17.
Re1 $16) 12. dxe5 Nxe5 13. Re1 Bf5 14. Nd4 Qf6 ({8:-2.05} 14... Qf6 15. Be3 Be4
16. Nb5 Rfc8 17. Qd4 Qg6 18. Bf1 $18) ({8:-1.90} 14... Bg6 15. Bf4 Rae8 16. Qd2
Be4 17. Bb5 Nc6 18. Rad1 $18) 15. Bf3 Bc8 16. Be4 c6 17. Bc2 Qh4 18. Be3 Bxh3
19. Nf5 Bxf5 20. Bxf5 Rfd8 21. g3 Qf6 22. Be4 d5 23. Bg2 Nc4 24. Bd4 Qd6 25.
Qg4 Qh6 26. Re7 b6 27. a4 c5 28. Be3 Qf6 29. Bg5 Qxc3 30. Rae1 Qb3 31. Rxf7 Qc3
32. Ree7 Rd6 33. Bf6 Qc1+ 34. Bf1 g6 35. Rg7+ Kf8 36. Ref7+ Ke8 37. Qe2+ Qe3
38. fxe3 Re6 39. e4 Rd8 40. Bh3 Rd7 41. exd5 Ne3 42. Qxe3 Rde7 43. Qxe6 Rxe6
44. Bxe6 h6 45. Bd7# 1-0

[Event "ICS rated blitz match"]
[Site "207.99.83.227"]
[Date "1999.03.31"]
[Round "?"]
[White "j724"]
[Black "Hossa"]
[Result "0-1"]
[WhiteElo "2167"]
[BlackElo "2430"]
[PlyCount "82"]

1. d4 Nf6 2. Nf3 e6 3. Bf4 Bb4+ 4. c3 Be7 5. e3 O-O 6. Bd3 b6 7. Nbd2 Bb7 8. h3
Bxf3 9. Qxf3 d5 10. g4 Bd6 11. g5 Nfd7 12. e4 Bxf4 13. Qxf4 c5 14. e5 Qe7 15.
Qh4 h6 16. Rg1 cxd4 17. cxd4 Nc6 18. Qh5 g6 19. Qxh6 Nxd4 20. Rg4 Nf5 21. Bxf5
exf5 22. Rh4 Qxe5+ 23. Kf1 Rfd8 24. Qh7+ Kf8 25. Re1 Qxb2 26. Nf3 Qg7 27. Qh6
Nc5 28. Ne5 Qxh6 29. gxh6 Rac8 30. Rd4 Rc7 31. h4 Kg8 32. h5 gxh5 33. Rh4 f6
34. Nf3 Kh7 35. Rxh5 Kg6 36. Rh4 Rh7 37. Nd4 Rxh6 38. Rxh6+ Kxh6 39. Nxf5+ Kg6
40. Ne7+ Kf7 41. Nc6 41... Rd7 {j724 resigns} 0-1

[Event "ICS rated blitz match"]
[Site "207.99.83.227"]
[Date "1999.03.31"]
[Round "?"]
[White "Hossa"]
[Black "HUR"]
[Result "1-0"]
[WhiteElo "2436"]
[BlackElo "2375"]
[PlyCount "75"]

1. e4 g6 2. Be2 Bg7 3. Nc3 d6 4. Nf3 Nc6 5. O-O e5 6. Ne1 h6 7. f4 exf4 8. Rxf4
g5 9. Rf1 Be6 10. Bb5 Nf6 11. d4 Bd7 12. Nf3 Qe7 13. Nd5 Nxd5 14. exd5 Ne5 15.
Bxd7+ Nxd7 16. Re1 Ne5 17. dxe5 dxe5 18. Rb1 O-O 19. Qd4 Rfe8 20. Qe4 Qd6 21.
Rf1 Qd7 22. Nxg5 hxg5 23. Bxg5 c6 24. c4 cxd5 25. cxd5 Rac8 26. Be3 f5 27. Rxf5
Rc4 28. Qxc4 Qxf5 29. Rf1 Qg6 30. d6+ Kh7 31. Qh4+ Kg8 32. d7 Rf8 33. Rxf8+
Bxf8 34. Qc4+ Kg7 35. d8=Q Qb1+ 36. Qf1 Qg6 37. Qfxf8+ Kh7 38. Qh8# {
HUR checkmated} 1-0

[Event "ICS rated blitz match"]
[Site "207.99.83.227"]
[Date "1999.03.31"]
[Round "?"]
[White "nimraz"]
[Black "Hossa"]
[Result "0-1"]
[WhiteElo "2289"]
[BlackElo "2449"]
[PlyCount "72"]

1. g3 e5 2. Bg2 Nc6 3. Nf3 e4 4. Ng1 d5 5. c4 Be6 6. Nc3 d4 7. Nxe4 f5 8. Qb3
Bd7 9. Qb5 fxe4 10. Bxe4 Nf6 11. Bg2 Nb4 12. Qe5+ Qe7 13. Qxe7+ Bxe7 14. Kd1
O-O-O 15. d3 Ng4 16. Nh3 Rhf8 17. a3 Nxf2+ 18. Nxf2 Ba4+ 19. b3 Bxb3+ 20. Ke1
Nc2+ 21. Kf1 Nxa1 22. Kg1 Nc2 23. Ne4 Nxa3 24. Bf4 h5 25. h4 Rde8 26. Kh2 Bb4
27. Bh3+ Kb8 28. c5 Bd5 29. Bg2 Bxe4 30. Bxe4 Bxc5 31. Bf3 Rh8 32. Rc1 Bb6 33.
Be4 Nb5 34. Rb1 Nc3 35. Rxb6 axb6 36. Bf3 36... Nxe2 {nimraz resigns} 0-1

[Event "ICS rated blitz match"]
[Site "207.99.83.227"]
[Date "1999.03.31"]
[Round "?"]
[White "nimraz"]
[Black "Hossa"]
[Result "0-1"]
[WhiteElo "2272"]
[BlackElo "2466"]
[PlyCount "92"]

1. d4 Nf6 2. c4 g6 3. Nc3 Bg7 4. Bf4 O-O 5. Qd2 Nc6 6. d5 Nb4 7. O-O-O Ng4 8.
Nh3 Bxc3 9. bxc3 Na6 10. f3 Nf6 11. Bh6 Re8 12. g4 c6 13. Nf4 d6 14. h4 cxd5
15. cxd5 Qa5 16. h5 Qa3+ 17. Kb1 Bxg4 18. hxg6 Bf5+ 19. e4 Bxg6 20. Nxg6 fxg6
21. Bd3 Rec8 22. Rc1 Nc5 23. Bc2 Ncd7 24. Bb3 Kf7 25. Rce1 Nc5 26. Bc2 Ke8 27.
e5 dxe5 28. Rxe5 Ncd7 29. Re3 Nb6 30. d6 Nc4 31. Rxe7+ Kd8 32. Qc1 Qxc3 33. Bg5
Na3+ 34. Qxa3 Qxa3 35. Bxf6 Qxf3 36. Ba4 Rc6 37. Bxc6 Qf5+ 38. Be4 Qxf6 39.
Rhxh7 Qxd6 40. Rxb7 Qd1+ 41. Kb2 Qd4+ 42. Kb3 Rc8 43. Rb4 Rc3+ 44. Ka4 Qd1+ 45.
Kb5 Qe2+ 46. Ka4 46... Qa6# {nimraz checkmated} 0-1

[Event "ICS rated blitz match"]
[Site "207.99.83.227"]
[Date "1999.03.31"]
[Round "?"]
[White "nimraz"]
[Black "Hossa"]
[Result "0-1"]
[WhiteElo "2257"]
[BlackElo "2481"]
[PlyCount "80"]

1. d4 Nf6 2. c4 g6 3. Nc3 Bg7 4. Bf4 O-O 5. Qd2 Nc6 6. d5 Nb4 7. O-O-O Ng4 8.
Nh3 Bxc3 9. bxc3 Na6 10. e4 d6 11. f3 Nf6 12. e5 Nd7 13. Bh6 Re8 14. f4 dxe5
15. Bd3 Nac5 16. Bc2 Nb6 17. fxe5 Bg4 18. Qd4 Bxd1 19. Rxd1 Na6 20. Ng5 c5 21.
Qf4 f6 22. Ne6 Qb8 23. d6 Nd7 24. exf6 exf6 25. Nc7 Nxc7 26. dxc7 Qc8 27. Bf5
gxf5 28. Qg3+ Kf7 29. Qg7+ Ke6 30. Re1+ Ne5 31. Bg5 Kd6 32. Bxf6 Nd3+ 33. Kd2
Nxe1 34. Qg3+ Kc6 35. Qf3+ Nxf3+ 36. gxf3 Qd7+ 37. Bd4 cxd4 38. Kd3 Re3+ 39.
Kd2 dxc3+ 40. Kxe3 40... Qd2# {nimraz checkmated} 0-1

[Event "ICS rated blitz match"]
[Site "207.99.83.227"]
[Date "1999.03.31"]
[Round "?"]
[White "Fallen-Star"]
[Black "Hossa"]
[Result "1-0"]
[WhiteElo "2277"]
[BlackElo "2488"]
[Annotator "Crafty v16.6"]
[PlyCount "121"]

{annotating for player Hossa using a scoring margin of +0.10 pawns. search
time limit is 12.00} 1. d4 1... Nf6 2. Nf3 e6 3. Bg5 Be7 4. Nbd2 O-O 5. e4 d5
6. Bxf6 Bxf6 7. e5 Be7 8. Bd3 b6 ({9:-0.16} 8... b6 9. O-O c5 10. c3 Nc6 11.
Qc2 Kh8 12. Rac1 12... Bb7 $10) ({9:+0.11} 8... c5 9. dxc5 Nd7 10. b4 Qc7 11.
Qe2 a5 12. c3 axb4 13. cxb4 $10) 9. O-O c5 10. c3 Nc6 11. a3 c4 ({8:-0.14} 
11... c4 12. Bc2 Bb7 13. Qe2 Qd7 14. Qe3 Rad8 15. Ng5 $10) ({8:-0.02} 11... Bb7
12. Qc2 cxd4 13. Bxh7+ Kh8 14. Bd3 dxc3 15. bxc3 Rc8 16. Rfd1 16... Kg8 $10)
12. Bc2 Bd7 13. Re1 Qe8 14. Nf1 Rd8 15. Ng3 Kh8 ({9:-0.45} 15... Kh8 16. Qd2
Na5 17. Rad1 a6 18. Ng5 h6 19. Nh7 19... Rg8 $14) ({9:-0.30} 15... Ra8 16. Nd2
Qd8 17. Qh5 g6 18. Qg4 Re8 19. Qf4 19... Bf8 $10) 16. h4 Na5 17. Ng5 h6 18. Qh5
Nb3 19. Rad1 Ba4 20. Bb1 Na1 21. Rd2 Rc8 22. f4 Nb3 23. Rf2 Bb5 24. f5 exf5 25.
Bxf5 Rc7 26. Bb1 Bxg5 27. hxg5 Rc6 28. Ref1 Nxd4 29. cxd4 c3 30. bxc3 Bxf1 31.
Rxf1 Qd7 32. Nf5 Rxc3 33. gxh6 g6 34. Qg5 Qe6 35. Nd6 f6 36. Qxg6 Qg8 37. Qxg8+
Kxg8 38. e6 Re3 39. Bf5 Rb8 40. h7+ Kg7 41. Rf4 Rh8 42. Rg4+ Kf8 43. Nb5 a6 44.
Nc7 Re2 45. Nxd5 Rxh7 46. Bxh7 Rxe6 47. Bf5 Rc6 48. Kh2 b5 49. Nf4 Rc3 50. d5
Rxa3 51. d6 Re3 52. Be6 Rxe6 53. Nxe6+ Kf7 54. Nc5 f5 55. Rd4 a5 56. d7 Kg6 57.
d8=Q Kh5 58. Rd6 a4 59. Qg8 Kh4 60. Rd7 Kh5 61. Rh7# 1-0

[Event "ICS rated blitz match"]
[Site "207.99.83.227"]
[Date "1999.03.31"]
[Round "?"]
[White "Hossa"]
[Black "Fallen-Star"]
[Result "1-0"]
[WhiteElo "2463"]
[BlackElo "2286"]
[PlyCount "91"]

1. e4 Nf6 2. e5 Nd5 3. Nc3 e6 4. Nxd5 exd5 5. Qf3 d4 6. Bc4 Qe7 7. Qe4 Nc6 8.
Nf3 d6 9. Bb5 Bd7 10. Nxd4 Qxe5 11. Bxc6 bxc6 12. Qxe5+ dxe5 13. Nf3 Bd6 14.
O-O O-O 15. Re1 Rfe8 16. d3 c5 17. b3 Bc6 18. Ng5 f5 19. Bd2 h6 20. Nh3 e4 21.
dxe4 fxe4 22. Be3 c4 23. bxc4 Bb4 24. Rf1 a5 25. Nf4 a4 26. Rad1 a3 27. Nd5 Bd6
28. c5 Be5 29. Nb4 Bb5 30. Rfe1 Ra4 31. Bd2 Bd4 32. Nd5 Bc6 33. Nxc7 Re7 34.
Bf4 Bxc5 35. Nd5 Rb7 36. Be5 Rc4 37. Ne3 Bxe3 38. Rxe3 Rxc2 39. Rxa3 Rd7 40.
Rb1 Rdd2 41. Ra7 Bd7 42. a4 Rxf2 43. Rxd7 Rxg2+ 44. Kh1 e3 45. Rb8+ Kh7 46.
Rbb7 {Fallen-Star resigns} 1-0

[Event "ICS rated blitz match"]
[Site "207.99.83.227"]
[Date "1999.03.31"]
[Round "?"]
[White "Fallen-Star"]
[Black "Hossa"]
[Result "0-1"]
[WhiteElo "2278"]
[BlackElo "2471"]
[PlyCount "70"]

1. d4 Nf6 2. Nf3 e6 3. Bg5 Be7 4. Nbd2 O-O 5. e4 d5 6. Bxf6 Bxf6 7. e5 Be7 8.
Bd3 c5 9. c3 Nc6 10. a3 cxd4 11. cxd4 f6 12. O-O fxe5 13. dxe5 Qe8 14. b4 Qh5
15. Re1 Bd7 16. b5 Nd8 17. a4 Bc5 18. Nb3 Bb4 19. Nfd2 Qh4 20. Qe2 Rc8 21. Rec1
Bc3 22. Nf3 Qb4 23. Rab1 Qxa4 24. Ng5 h6 25. Nf3 Qf4 26. Rc2 Nf7 27. Ra2 Nxe5
28. Nxe5 Bxe5 29. g3 Qf3 30. Rxa7 Qxe2 31. Bxe2 Rc2 32. Bf1 Bc8 33. Na5 Bd4 34.
Ra8 Rcxf2 35. Kh1 35... Rxf1+ {Fallen-Star resigns} 0-1

[Event "ICS rated blitz match"]
[Site "207.99.83.227"]
[Date "1999.03.31"]
[Round "?"]
[White "Hossa"]
[Black "nimraz"]
[Result "1-0"]
[WhiteElo "2486"]
[BlackElo "2253"]
[PlyCount "63"]

1. e4 c5 2. Bc4 Nf6 3. e5 d5 4. exd6 Qxd6 5. Nf3 e5 6. Ng5 Be6 7. Bxe6 fxe6 8.
Nc3 Qc6 9. O-O h6 10. Nf3 Nbd7 11. Nh4 g5 12. Ng6 Rg8 13. Nxf8 Nxf8 14. Qe2 Ng6
15. Qb5 Kd7 16. Qxc6+ Kxc6 17. Re1 Nd5 18. d3 Nb4 19. Re2 Rae8 20. a4 Nf4 21.
Bxf4 exf4 22. Rae1 Rg6 23. f3 h5 24. a5 g4 25. fxg4 hxg4 26. Ne4 e5 27. Ra1 f3
28. Rf2 Rh8 29. Ra3 Kd5 30. Rc3 Kd4 31. Rc4+ Ke3 32. Nxc5 {nimraz resigns} 1-0

[Event "ICS rated blitz match"]
[Site "207.99.83.227"]
[Date "1999.03.31"]
[Round "?"]
[White "nimraz"]
[Black "Hossa"]
[Result "0-1"]
[WhiteElo "2246"]
[BlackElo "2493"]
[PlyCount "72"]

1. e4 c5 2. Nf3 Nc6 3. d4 cxd4 4. Nxd4 Qb6 5. Be3 Qxb2 6. Nb3 Nf6 7. N1d2 Nb4
8. Bd3 Qc3 9. O-O Nxd3 10. Bd4 Nxf2 11. Rxf2 Qc7 12. e5 Ng8 13. Ne4 Qc6 14. Qf3
Qg6 15. Re1 Nh6 16. Qf4 Ng4 17. Rfe2 e6 18. h3 Nh6 19. g4 Be7 20. Nd6+ Bxd6 21.
exd6 f5 22. Kh1 fxg4 23. Re5 gxh3 24. Rg5 Qxc2 25. Rxg7 Nf5 26. Nc5 Nxg7 27.
Rg1 Rf8 28. Qh4 Rf7 29. Rxg7 Rxg7 30. Qxh3 Qb1+ 31. Kh2 Qxa2+ 32. Kh1 Qd5+ 33.
Kh2 Qxd6+ 34. Kh1 Qxd4 35. Qh5+ Ke7 36. Nd3 36... Qg1# {nimraz checkmated} 0-1

[Event "ICS rated blitz match"]
[Site "207.99.83.227"]
[Date "1999.03.31"]
[Round "?"]
[White "j724"]
[Black "Hossa"]
[Result "1-0"]
[WhiteElo "2158"]
[BlackElo "2499"]
[Annotator "Crafty v16.6"]
[PlyCount "56"]

{annotating for player Hossa using a scoring margin of +0.10 pawns. search
time limit is 12.00} 1. d4 1... Nf6 2. Nf3 e6 3. Bf4 Bb4+ 4. c3 Be7 5. Nbd2 Nh5
6. Bg3 O-O 7. e4 d5 ({8:+0.20} 7... d5 8. e5 c5 9. Bd3 c4 10. Bc2 Nc6 11. Qe2
Nxg3 12. fxg3 $10) ({8:+0.41} 7... d6 8. Bd3 Nd7 9. Qe2 c5 10. Qe3 Nxg3 11.
hxg3 cxd4 12. Nxd4 $15) 8. e5 c5 9. Bd3 Kh8 ({8:-0.13} 9... Kh8 10. dxc5 Qc7
11. Qe2 Qxc5 12. Nd4 Nxg3 13. hxg3 13... h6 $10) ({8:+0.22} 9... Nc6 10. dxc5
Bxc5 11. Nb3 Bb6 12. Qc2 h6 13. Qd2 13... Bd7 $10) 10. Rc1 Nxg3 ({8:+0.14} 
10... Nxg3 11. hxg3 h6 12. O-O Nc6 13. Qe2 cxd4 14. cxd4 Nb4 15. a3 Nxd3 16.
Qxd3 $10) ({8:+0.44} 10... Nc6 11. dxc5 Bxc5 12. Nd4 Qg5 13. Nxc6 bxc6 14. Nf3
Qg4 15. Nd4 $15) 11. hxg3 h6 12. Qe2 Qb6 13. b3 Qa5 14. Qe3 Kg8 15. Rxh6 cxd4 (
{8:-1.67} 15... cxd4 16. Bh7+ Kh8 17. Bb1+ Kg8 18. Qd3 f5 19. exf6 Bxf6 20.
Rh8+ Kf7 21. Qg6+ Ke7 22. Rxf8 Kxf8 23. cxd4 $18) ({8:-0.37} 15... Qa3 16. Bh7+
Kh8 17. Nb1 Qxa2 18. Bc2+ Kg8 19. Rh7 Nd7 20. Kf1 20... Qb2 $14) 16. cxd4 Qa3
17. Rd1 f6 18. Rg6 Qxa2 19. Qh6 Rf7 20. Ke2 Bd8 21. Rh1 Kf8 22. Qh8+ Ke7 23.
Rxg7 Qxd2+ 24. Kxd2 fxe5 25. Rxf7+ Kd6 26. Qxd8+ Nd7 27. dxe5+ Kc6 28. Rc1+ Nc5
1-0

[Event "ICS rated blitz match"]
[Site "207.99.83.227"]
[Date "1999.03.31"]
[Round "?"]
[White "Hossa"]
[Black "nimraz"]
[Result "1-0"]
[WhiteElo "2471"]
[BlackElo "2212"]
[PlyCount "77"]

1. e4 c5 2. Bc4 Nf6 3. e5 d5 4. exd6 Qxd6 5. Nf3 Nc6 6. O-O g6 7. Nc3 Bg7 8. d3
O-O 9. Be3 Nd4 10. Nxd4 cxd4 11. Nb5 Qb8 12. Nxd4 Ng4 13. g3 b5 14. Nxb5 Ne5
15. Bd4 Bb7 16. Bxe5 Qxe5 17. c3 Qf5 18. g4 Qf4 19. f3 Rac8 20. Qc1 Qf6 21. Qe3
a6 22. Na7 Rc7 23. Rae1 Ra8 24. g5 Qd6 25. f4 h6 26. f5 Rc5 27. gxh6 Bf6 28.
h7+ Kg7 29. h3 Re5 30. Qg3 Qc5+ 31. d4 Qxa7 32. Rxe5 Rh8 33. Bxf7 g5 34. Bg8
Qb6 35. h4 Qc6 36. hxg5 Bxe5 37. Qxe5+ Kf8 38. Bd5 Qxd5 39. Qxh8+ {
nimraz resigns} 1-0

[Event "ICS rated blitz match"]
[Site "207.99.83.227"]
[Date "1999.03.31"]
[Round "?"]
[White "TDChess"]
[Black "Hossa"]
[Result "1-0"]
[WhiteElo "2468"]
[BlackElo "2477"]
[Annotator "Crafty v16.6"]
[PlyCount "95"]

{annotating for player Hossa using a scoring margin of +0.10 pawns. search
time limit is 12.00} 1. Nf3 1... d5 2. d4 Nf6 3. c4 e6 4. e3 c5 ({7:-0.46} 4...
c5 5. cxd5 exd5 6. Bb5+ Bd7 7. Bxd7+ Qxd7 8. O-O Nc6 9. Ne5 Nxe5 10. dxe5 $14)
({7:-0.11} 4... Bb4+ 5. Bd2 Bxd2+ 6. Nfxd2 O-O 7. Nc3 dxc4 8. Nxc4 c5 9. dxc5
9... Nbd7 $10) 5. cxd5 exd5 6. Bb5+ Bd7 7. Bxd7+ Nbxd7 8. Nc3 cxd4 9. Qxd4 Bc5
10. Qd3 Bb4 11. O-O Bxc3 12. Qxc3 O-O 13. Bd2 Ne4 ({10:-0.27} 13... Ne4 14. Qd4
Ndf6 15. Rfd1 Re8 16. Rac1 Qb6 17. Qxb6 17... axb6 $10) ({10:-0.15} 13... Rc8
14. Qd4 Qb6 15. Rac1 Qxd4 16. Nxd4 Ne4 17. Bb4 Rfe8 18. Rxc8 Rxc8 19. Be7 $10)
14. Qd4 Ndf6 15. Bb4 Re8 16. Rac1 Qd7 17. b3 Kh8 18. Rfd1 Qb5 19. a4 Qe2 20.
Be1 Kg8 21. Rc7 b5 22. Rb1 bxa4 23. bxa4 a5 24. Rb2 Qa6 25. Rb5 Qd6 26. Ra7
Rac8 27. Qb2 Nc5 28. Rbxa5 Nfe4 29. Qd4 Nf6 30. Rb5 Re4 31. Qd1 Rb8 32. Ng5 Rh4
33. f4 Rg4 34. Bb4 Rxb5 35. axb5 Qb8 36. Bxc5 h6 37. b6 hxg5 38. b7 Kh7 39.
Qb1+ g6 40. Ra8 Nd7 41. Qb5 Qc7 42. Rc8 Qxc5 43. Rxc5 Nb8 44. Qe8 Kg7 45. Rc8
Rxg2+ 46. Kxg2 f6 47. Qf8+ Kh7 48. Qh8# 1-0

[Event "ICS rated blitz match"]
[Site "207.99.83.227"]
[Date "1999.03.31"]
[Round "?"]
[White "Hossa"]
[Black "Bankieren"]
[Result "1-0"]
[WhiteElo "2461"]
[BlackElo "2306"]
[PlyCount "43"]

1. e4 Nf6 2. e5 Nd5 3. Nc3 Nb6 4. Nf3 d5 5. d4 Bg4 6. Be2 e6 7. Ng5 Bxe2 8.
Qxe2 c5 9. Qh5 Qd7 10. dxc5 Bxc5 11. Nxh7 Kd8 12. Qg5+ Kc7 13. Qxg7 Na6 14. Nf6
Qe7 15. Nb5+ Kc6 16. Nxa7+ Rxa7 17. Qxh8 Nb4 18. Qh7 Nc4 19. Bf4 Nxb2 20. O-O
Nc4 21. c3 Nd3 22. Qxd3 {Bankieren resigns} 1-0